[Event "C.to Provinciale IM-SV"]
[Site "Alassio ITA"]
[Date "2016.01.16"]
[Round "3"]
[White "Morselli, Stefano"]
[Black "Tardito, Pierluigi"]
[WhiteElo "1814"]
[BlackElo "1700"]
[Result "1-0"]
[PlyCount "55"]
[EventDate "2016.01.15"]

1. e4 e5 2. Nf3 d6 3. c3 Be7 4. d4 exd4 5. cxd4 Nf6 6. Nc3 O-O 7. Bd3 Bg4 8. h3
Bxf3 9. gxf3 Nc6 10. Be3 a6 11. Rg1 Kh8 12. a3 Qc8 13. Qc2 g6 14. O-O-O b5 15.
b4 Rg8 16. f4 Nh5 17. d5 Nd8 18. e5 c5 19. dxc6 Ne6 20. Nd5 Bf8 21. Nb6 Qd8 22.
Nxa8 Qxa8 23. Be4 Qc8 24. exd6 Bxd6 25. Rxd6 Nhxf4 26. Bxf4 Nxf4 27. Rgd1 Qxh3
28. Qb2+ 1-0

[Event "C.to Provinciale IM-SV"]
[Site "Alassio ITA"]
[Date "2016.01.16"]
[Round "3"]
[White "Pesce, Leandro"]
[Black "Montani, Riccardo"]
[WhiteElo "1692"]
[BlackElo "1870"]
[Result "1/2-1/2"]
[PlyCount "73"]
[EventDate "2016.01.15"]

1. e4 e5 2. Nf3 Nc6 3. Bb5 a6 4. Ba4 Nf6 5. O-O Be7 6. Re1 b5 7. Bb3 O-O 8. d4
exd4 9. c3 dxc3 10. Nxc3 d6 11. h3 Be6 12. Nd5 Na5 13. Nxe7+ Qxe7 14. Bc2 Rad8
15. b3 Nc6 16. Bd2 Ne5 17. a4 Nxf3+ 18. Qxf3 Nd7 19. axb5 axb5 20. Qe2 Rb8 21.
f4 Nf6 22. Ra7 d5 23. exd5 Nxd5 24. Qd3 g6 25. Qd4 Qd6 26. Qf2 Qb6 27. Raa1
Qxf2+ 28. Kxf2 Rfd8 29. b4 Nb6 30. Be3 Nc4 31. Bc5 Rd2+ 32. Re2 Rxe2+ 33. Kxe2
Rd8 34. Rd1 Rxd1 35. Bxd1 Kg7 36. Kf2 Kf6 37. Ke2 1/2-1/2

[Event "C.to Provinciale IM-SV"]
[Site "Alassio ITA"]
[Date "2016.01.16"]
[Round "3"]
[White "Picasso, Filippo"]
[Black "Pedemonte, Claudio"]
[WhiteElo "1474"]
[BlackElo "1812"]
[Result "0-1"]
[PlyCount "56"]
[EventDate "2016.01.15"]

1. d4 d6 2. Nf3 Nf6 3. Bf4 g6 4. e3 Bg7 5. c3 O-O 6. Bd3 Nc6 7. Qc2 Re8 8. Nbd2
e5 9. dxe5 dxe5 10. Bg5 h6 11. Bxf6 Qxf6 12. O-O-O Be6 13. Ne4 Qe7 14. Kb1 f5
15. Ng3 e4 16. Nxe4 fxe4 17. Bxe4 Bxa2+ 18. Kxa2 Qxe4 19. Qb3+ Qe6 20. Rd5 Rad8
21. Rhd1 Na5 22. Qb5 c6 23. Qxa5 cxd5 24. c4 Qb6 25. Qxb6 axb6 26. cxd5 Kf7 27.
b4 Re4 28. Kb3 b5 0-1

[Event "C.to Provinciale IM-SV"]
[Site "Alassio ITA"]
[Date "2016.01.16"]
[Round "3"]
[White "Rossi, Cassani Gianni"]
[Black "Biancotti, Alessandro"]
[WhiteElo "1811"]
[BlackElo "1827"]
[Result "0-1"]
[PlyCount "122"]
[EventDate "2016.01.15"]

1. e4 c5 2. d4 cxd4 3. c3 dxc3 4. Nxc3 e6 5. Nf3 Ne7 6. Bc4 Ng6 7. O-O Be7 8.
Qe2 Nc6 9. Rd1 a6 10. a4 O-O 11. Be3 b6 12. Rac1 Qc7 13. Bb3 Bb7 14. Nd5 exd5
15. exd5 Bf6 16. dxc6 dxc6 17. h4 Nxh4 18. Nxh4 Bxh4 19. Qg4 Bf6 20. Rd7 Bc8
21. Qxg7+ Kxg7 22. Rxc7 c5 23. Rc6 Rb8 24. Rd1 Re8 25. Rdd6 Be6 26. Bxe6 Rxe6
27. Rxe6 fxe6 28. b3 Kf7 29. Rc7+ Kg6 30. Rc6 Kf5 31. f3 Rb7 32. g4+ Ke5 33.
Kf2 Kd5 34. Rc8 Rd7 35. Rb8 Kc6 36. Rc8+ Kb7 37. Re8 Re7 38. Rf8 Bd4 39. Rd8 e5
40. Ke2 h5 41. gxh5 Rh7 42. h6 Bxe3 43. Kxe3 Rxh6 44. Ke4 Rf6 45. Rd5 Rf4+ 46.
Ke3 Rb4 47. Rxe5 Kc6 48. Re4 Rxb3+ 49. Kf2 Kd5 50. Rg4 c4 51. Rg8 b5 52. axb5
axb5 53. Rd8+ Ke6 54. Rc8 c3 55. Ke2 Rb2+ 56. Kd1 b4 57. Rc4 Kd5 58. Rc8 Rf2
59. Rb8 Kc4 60. Rc8+ Kb3 61. Rb8 c2+ 0-1

[Event "C.to Provinciale IM-SV"]
[Site "Alassio ITA"]
[Date "2016.01.16"]
[Round "3"]
[White "Scarrone, Eugenio"]
[Black "Bottini, Claudio"]
[WhiteElo "1421"]
[BlackElo "1544"]
[Result "1-0"]
[PlyCount "51"]
[EventDate "2016.01.15"]

1. e4 e6 2. d4 d5 3. Nc3 Nf6 4. e5 Nfd7 5. Qg4 c5 6. Nf3 cxd4 7. Nxd4 Nxe5 8.
Qg3 Nbc6 9. Bb5 Bd7 10. Bxc6 Nxc6 11. Ndb5 Rc8 12. Bf4 e5 13. Bxe5 Nxe5 14.
Qxe5+ Qe7 15. Qxe7+ Bxe7 16. O-O-O a6 17. Nd4 Be6 18. Rhe1 Kd7 19. Na4 Bd8 20.
b4 b5 21. Nc5+ Rxc5 22. bxc5 Bf6 23. f4 Bxd4 24. Rxd4 Rc8 25. f5 Bxf5 26. Rxd5+
1-0

[Event "C.to Provinciale IM-SV"]
[Site "Alassio ITA"]
[Date "2016.01.17"]
[Round "4"]
[White "Badano, Fabio"]
[Black "Pesce, Leandro"]
[WhiteElo "1760"]
[BlackElo "1692"]
[Result "1/2-1/2"]
[PlyCount "83"]
[EventDate "2016.01.15"]

1. e4 d6 2. d4 Nf6 3. Nc3 e5 4. Nf3 exd4 5. Nxd4 Be7 6. Bc4 O-O 7. O-O c5 8.
Nde2 Nc6 9. Be3 Na5 10. Bb3 c4 11. Ba4 a6 12. b4 cxb3 13. Bxb3 Nxb3 14. cxb3 b5
15. Nd5 Nxd5 16. Qxd5 Be6 17. Qd2 Rc8 18. Nf4 Qc7 19. Rac1 Qb7 20. Nxe6 fxe6
21. f3 Rxc1 22. Rxc1 Rc8 23. Rxc8+ Qxc8 24. Qc1 Qxc1+ 25. Bxc1 Kf7 26. Kf2 Bf6
27. Bf4 Bd4+ 28. Ke2 Ke7 29. Kd3 Bc5 30. Bd2 Bb6 31. a4 bxa4 32. bxa4 Kd7 33.
Kc4 Kc6 34. f4 g6 35. g4 d5+ 36. exd5+ exd5+ 37. Kd3 Kd6 38. h3 Ke6 39. Bc3 Bc5
40. Bd4 Bb4 41. Bb6 Bd6 42. Be3 1/2-1/2

[Event "C.to Provinciale IM-SV"]
[Site "Alassio ITA"]
[Date "2016.01.17"]
[Round "4"]
[White "Biancotti, Alessandro"]
[Black "Gandolfo, Gianluca"]
[WhiteElo "1827"]
[BlackElo "1706"]
[Result "1-0"]
[PlyCount "67"]
[EventDate "2016.01.15"]

1. e4 d6 2. d4 Nf6 3. Nc3 g6 4. Be2 Bg7 5. Be3 O-O 6. h4 c6 7. h5 b5 8. hxg6
fxg6 9. a3 e5 10. d5 cxd5 11. exd5 a6 12. Qd2 Ng4 13. Bxg4 Bxg4 14. f3 Bf5 15.
g4 Bc8 16. Bh6 Qe7 17. Ne4 Rf7 18. Bxg7 Rxg7 19. O-O-O Nd7 20. Nh3 Nf6 21. Nhg5
a5 22. Rh6 Ra7 23. Rdh1 Qf8 24. R1h3 Nxe4 25. Nxe4 b4 26. axb4 axb4 27. Qxb4
Ra1+ 28. Kd2 Qf4+ 29. Ke2 Ba6+ 30. Kf2 Rf1+ 31. Kg2 Rf7 32. Rxh7 Rxh7 33. Qb8+
Qf8 34. Nf6+ 1-0

[Event "C.to Provinciale IM-SV"]
[Site "Alassio ITA"]
[Date "2016.01.17"]
[Round "4"]
[White "Bottini, Claudio"]
[Black "Delucis, Mauro"]
[WhiteElo "1544"]
[BlackElo "1370"]
[Result "1-0"]
[PlyCount "93"]
[EventDate "2016.01.15"]

1. e4 c6 2. d4 d5 3. Nc3 dxe4 4. Nxe4 Bf5 5. Ng3 Bg6 6. h4 h6 7. h5 Bh7 8. Nf3
Nd7 9. Bd3 Bxd3 10. Qxd3 e6 11. Bd2 Ngf6 12. O-O-O Qb6 13. Bc3 Nd5 14. Bd2
O-O-O 15. Ne4 Nb4 16. Bxb4 Bxb4 17. c3 Be7 18. Qc4 Kb8 19. Rd2 Rc8 20. Rhd1 c5
21. d5 Rhd8 22. dxe6 Qxe6 23. Qxe6 fxe6 24. Rxd7 Re8 25. Ne5 Bf6 26. Nc4 Rg8
27. Ncd6 Rc7 28. Rxc7 Kxc7 29. Nb5+ Kb6 30. c4 Be7 31. Rd7 Re8 32. Ned6 Bxd6
33. Nxd6 Kc6 34. Nxe8 Kxd7 35. Nxg7 Ke7 36. Kd2 Kf7 37. Nxe6 Kxe6 38. g4 Kf6
39. Ke3 Kg5 40. f3 a6 41. a4 b6 42. b3 a5 43. Ke4 Kf6 44. f4 Ke6 45. g5 hxg5
46. fxg5 Kf7 47. Kf5 1-0

[Event "C.to Provinciale IM-SV"]
[Site "Alassio ITA"]
[Date "2016.01.17"]
[Round "4"]
[White "Cardino, Guido"]
[Black "Camerino, Simone"]
[WhiteElo "1609"]
[BlackElo "1580"]
[Result "0-1"]
[PlyCount "78"]
[EventDate "2016.01.15"]

1. d4 d5 2. c4 c6 3. Nf3 Nf6 4. Nc3 e6 5. Bg5 Be7 6. e3 a5 7. c5 b6 8. Bxf6
Bxf6 9. Na4 bxc5 10. Nxc5 O-O 11. Be2 Nd7 12. Nxd7 Bxd7 13. Rc1 a4 14. a3 Qa5+
15. Qd2 Rfc8 16. Rc5 Qxd2+ 17. Kxd2 Rab8 18. Rb1 Be7 19. Rcc1 c5 20. dxc5 Rxc5
21. Rxc5 Bxc5 22. Kc2 Rc8 23. Kd1 Rb8 24. Kc1 f6 25. Ne1 e5 26. Nd3 Bd6 27. h3
Bf5 28. g4 Bg6 29. Ra1 d4 30. Ne1 Bc5 31. Nd3 Ba7 32. Kd2 Bxd3 33. Bxd3 Rxb2+
34. Bc2 dxe3+ 35. fxe3 Bxe3+ 36. Kxe3 Rxc2 37. Ke4 Rh2 38. Kf5 Rxh3 39. Ke6 h6
0-1

[Event "C.to Provinciale IM-SV"]
[Site "Alassio ITA"]
[Date "2016.01.17"]
[Round "4"]
[White "Cirabisi, Federico"]
[Black "Caputi, Giuliano"]
[WhiteElo "1986"]
[BlackElo "1875"]
[Result "1-0"]
[PlyCount "41"]
[EventDate "2016.01.15"]

1. d4 d5 2. e3 c6 3. Bd3 e6 4. f4 f5 5. Nf3 Nf6 6. Ne5 Nbd7 7. O-O Be7 8. c4
O-O 9. Nc3 Nxe5 10. fxe5 Ne4 11. Rf3 Bd7 12. Rh3 Rf7 13. Ne2 g5 14. Rf3 Qf8 15.
Bd2 h5 16. Qc2 h4 17. Raf1 Rc8 18. Bxe4 dxe4 19. R3f2 b5 20. Nc3 Bb4 21. Nxe4
1-0

[Event "C.to Provinciale IM-SV"]
[Site "Alassio ITA"]
[Date "2016.01.17"]
[Round "4"]
[White "Delucis, Gabriele"]
[Black "Picasso, Filippo"]
[WhiteElo "1384"]
[BlackElo "1474"]
[Result "1-0"]
[PlyCount "51"]
[EventDate "2016.01.15"]

1. Nf3 d5 2. b3 Nf6 3. Bb2 Bf5 4. d3 e6 5. g3 Bd6 6. Bg2 Nbd7 7. O-O O-O 8.
Nbd2 Re8 9. c4 e5 10. cxd5 e4 11. dxe4 Nxe4 12. Nxe4 Bxe4 13. Qd4 Nf6 14. e3
Bxd5 15. Rfd1 Qe7 16. Rab1 Rad8 17. Qxa7 Ra8 18. Qd4 Rxa2 19. Qc3 Bxf3 20. Bxf3
Be5 21. Qc2 Bxb2 22. Rxb2 Qa3 23. Rxa2 Qe7 24. Bxb7 c5 25. Bg2 Ne4 26. Bxe4 1-0

[Event "C.to Provinciale IM-SV"]
[Site "Alassio ITA"]
[Date "2016.01.17"]
[Round "4"]
[White "Guido, Pierpaolo"]
[Black "Ivaldo, Fabrizio"]
[WhiteElo "1440"]
[BlackElo "1869"]
[Result "1-0"]
[PlyCount "55"]
[EventDate "2016.01.15"]

1. d4 Nf6 2. e3 g6 3. Bd3 Bg7 4. f4 d6 5. e4 e5 6. dxe5 dxe5 7. Bb5+ Bd7 8.
Bxd7+ Nbxd7 9. Nc3 exf4 10. Bxf4 Nh5 11. Nge2 Nxf4 12. Nxf4 O-O 13. Qd3 Ne5 14.
Qb5 Qd4 15. Qe2 Rfe8 16. Rd1 Qc4 17. O-O c6 18. Qe1 Ng4 19. Rd7 Qc5+ 20. Kh1 b5
21. Nd3 Qh5 22. Qg3 Nf6 23. Rb7 Nxe4 24. Qc7 Bd4 25. Rxf7 Nf2+ 26. Rxf2 Bxc3
27. Qf7+ Kh8 28. bxc3 1-0

[Event "C.to Provinciale IM-SV"]
[Site "Alassio ITA"]
[Date "2016.01.17"]
[Round "4"]
[White "Montani, Riccardo"]
[Black "Scarrone, Eugenio"]
[WhiteElo "1870"]
[BlackElo "1421"]
[Result "1-0"]
[PlyCount "51"]
[EventDate "2016.01.15"]

1. e4 e5 2. f4 d5 3. exd5 exf4 4. Bb5+ c6 5. dxc6 Nxc6 6. Nf3 Qb6 7. Nc3 Bg4 8.
Nd5 Qa5 9. O-O O-O-O 10. Bxc6 Qb6+ 11. d4 Qxc6 12. Nxf4 g5 13. Ne2 Bxf3 14.
Rxf3 g4 15. Rc3 Bc5 16. Be3 Qe6 17. Rxc5+ Kb8 18. Bf4+ Ka8 19. Nc3 Nf6 20. Nb5
Ne8 21. Qe1 Qf6 22. Bg5 Qb6 23. Bxd8 Qxd8 24. Qe5 a6 25. Qxh8 axb5 26. Rd1 1-0

[Event "C.to Provinciale IM-SV"]
[Site "Alassio ITA"]
[Date "2016.01.17"]
[Round "4"]
[White "Pedemonte, Claudio"]
[Black "Morselli, Stefano"]
[WhiteElo "1812"]
[BlackElo "1814"]
[Result "1-0"]
[PlyCount "81"]
[EventDate "2016.01.15"]

1. c4 e5 2. Nc3 Nf6 3. g3 c6 4. Bg2 g6 5. e4 Bg7 6. Nge2 O-O 7. O-O d6 8. d3
Be6 9. h3 Qe7 10. f4 Na6 11. f5 Bd7 12. g4 h6 13. Be3 g5 14. Qd2 Ne8 15. Ng3 f6
16. Nh5 Bh8 17. Rf2 Ng7 18. Nxg7 Bxg7 19. Bf3 Nc7 20. Rh2 b5 21. h4 Qf7 22.
hxg5 fxg5 23. Qg2 bxc4 24. dxc4 Ne6 25. Rd1 Nd4 26. b3 a5 27. Be2 Bc8 28. Rf1
Qf6 29. Bd1 Bb7 30. Bd2 Qd8 31. Qh3 Rf6 32. Be3 Qe7 33. Ne2 Nxe2+ 34. Bxe2 d5
35. cxd5 cxd5 36. exd5 Bxd5 37. Rd1 Qb7 38. Rxd5 Qxd5 39. Bc4 Qxc4 40. bxc4 Rd6
41. Rd2 1-0

[Event "C.to Provinciale IM-SV"]
[Site "Alassio ITA"]
[Date "2016.01.17"]
[Round "4"]
[White "Sotgia, Cosimo"]
[Black "Mercandelli, Claudio"]
[WhiteElo "1878"]
[BlackElo "1900"]
[Result "0-1"]
[PlyCount "46"]
[EventDate "2016.01.15"]

1. e4 e6 2. d3 d5 3. Nd2 Nf6 4. Ngf3 c5 5. g3 Nc6 6. Bg2 Be7 7. O-O Rb8 8. Re1
b5 9. Qe2 d4 10. e5 Nd5 11. Ne4 h6 12. h4 Ba6 13. Bh3 Qc7 14. Nd6+ Bxd6 15.
exd6 Qxd6 16. Bxe6 fxe6 17. Qxe6+ Qxe6 18. Rxe6+ Kd7 19. Rg6 Rhg8 20. Bd2 Rbe8
21. Re1 Rxe1+ 22. Bxe1 Nf6 23. Bd2 Ne7 0-1

[Event "C.to Provinciale IM-SV"]
[Site "Alassio ITA"]
[Date "2016.01.17"]
[Round "4"]
[White "Tardito, Pierluigi"]
[Black "Massimillo, Angelo"]
[WhiteElo "1700"]
[BlackElo "1367"]
[Result "1/2-1/2"]
[PlyCount "114"]
[EventDate "2016.01.15"]

1. e4 c5 2. Bc4 Nc6 3. a3 Nf6 4. d3 d6 5. Nc3 a6 6. f4 e6 7. Nge2 b5 8. Ba2 Be7
9. Ng3 Bd7 10. Nce2 Qc7 11. O-O O-O 12. f5 Nd4 13. Kh1 Qc8 14. Nxd4 cxd4 15.
Rf2 Bd8 16. Bg5 Rb8 17. h4 h6 18. Bxf6 Bxf6 19. Qg4 Kh7 20. Nh5 Rg8 21. g3 b4
22. fxe6 Bxe6 23. Bxe6 Qxe6 24. Qxe6 fxe6 25. Rxf6 gxf6 26. Nxf6+ Kg7 27. Nxg8
Kxg8 28. b3 a5 29. g4 Rc8 30. axb4 axb4 31. Rc1 e5 32. Kg2 Kg7 33. g5 hxg5 34.
hxg5 Kg6 35. Kf2 Kxg5 36. Ke2 Kf6 37. Kd2 Ke6 38. Ra1 Rb8 39. Ra6 Kd7 40. Kc1
Kc7 41. Kb2 Rb6 42. Ra8 Rb8 43. Ra5 Kc6 44. Ra1 Kc7 45. Rh1 Kc6 46. Kc1 Ra8 47.
Kd2 Rg8 48. Rh7 Rb8 49. Ra7 Rb7 50. Ra8 Kc7 51. Ke2 Rb8 52. Rxb8 Kxb8 53. Kf3
Kc7 54. Kg4 Kd7 55. Kf5 Ke7 56. Kg6 Ke6 57. Kg5 Ke7 1/2-1/2

[Event "C.to Provinciale IM-SV"]
[Site "Alassio ITA"]
[Date "2016.01.17"]
[Round "4"]
[White "Tripodi, Enzo"]
[Black "Rossi, Cassani Gianni"]
[WhiteElo "1722"]
[BlackElo "1811"]
[Result "1-0"]
[PlyCount "81"]
[EventDate "2016.01.15"]

1. e4 c5 2. Nf3 Nf6 3. Nc3 Nc6 4. d4 cxd4 5. Nxd4 e5 6. Nb3 Bb4 7. f3 Nh5 8.
Be3 Qh4+ 9. g3 Qd8 10. Qd2 a5 11. a3 Be7 12. Nd5 d6 13. Bb6 Qd7 14. Nc7+ Kf8
15. Nxa8 a4 16. Na5 Nf6 17. Bb5 Ne8 18. Bxa4 h6 19. O-O-O Bg5 20. f4 Bf6 21.
Kb1 g6 22. Nc4 Qe6 23. Nxd6 exf4 24. gxf4 Kg7 25. Nxe8+ Qxe8 26. e5 Bh4 27. Nc7
Qg8 28. Bxc6 bxc6 29. Bd4 Be6 30. Nxe6+ fxe6 31. Bc5 h5 32. Qd7+ Kh6 33. Qxc6
Qf7 34. Qb6 Rc8 35. Rhf1 Qf5 36. Qd6 Qe4 37. Qd4 Qc6 38. b4 Qa6 39. Qe3 Qb5 40.
Rg1 Qc4 41. Qd3 1-0

[Event "C.to Provinciale IM-SV"]
[Site "Alassio ITA"]
[Date "2016.01.17"]
[Round "5"]
[White "Caputi, Giuliano"]
[Black "Montani, Riccardo"]
[WhiteElo "1875"]
[BlackElo "1870"]
[Result "1/2-1/2"]
[PlyCount "65"]
[EventDate "2016.01.15"]

1. e4 c5 2. Nf3 d6 3. d4 cxd4 4. Nxd4 Nf6 5. Nc3 g6 6. Be2 Bg7 7. O-O O-O 8.
Be3 Nc6 9. Nxc6 bxc6 10. h3 Rb8 11. Rb1 Qc7 12. f4 Rd8 13. Bd4 d5 14. e5 Ne4
15. Qe1 c5 16. Be3 Nxc3 17. bxc3 Rxb1 18. Qxb1 f6 19. Qb5 fxe5 20. fxe5 Qxe5
21. Qxc5 Qxc3 22. Qxe7 Rf8 23. Rxf8+ Bxf8 24. Qe8 Qe1+ 25. Bf1 d4 26. Qxc8
Qxe3+ 27. Kh1 Qe7 28. Bd3 Qe1+ 29. Kh2 Qe5+ 30. g3 Qf6 31. h4 Qf2+ 32. Kh3 Qf6
33. Bc4+ 1/2-1/2

[Event "C.to Provinciale IM-SV"]
[Site "Alassio ITA"]
[Date "2016.01.17"]
[Round "5"]
[White "Gandolfo, Gianluca"]
[Black "Tardito, Pierluigi"]
[WhiteElo "1706"]
[BlackElo "1700"]
[Result "1-0"]
[PlyCount "51"]
[EventDate "2016.01.15"]

1. c4 g6 2. Nc3 Bg7 3. g3 f5 4. Bg2 Nh6 5. Nf3 e5 6. d3 O-O 7. Bg5 Qe8 8. Qd2
Nf7 9. Be3 c6 10. O-O-O d6 11. h4 Nd7 12. Ng5 Nf6 13. Nxf7 Rxf7 14. Bg5 Be6 15.
Kb1 Rd7 16. e4 Kf7 17. f4 d5 18. fxe5 dxc4 19. exf6 Bf8 20. d4 Bb4 21. d5 Rad8
22. dxe6+ Qxe6 23. Qc2 Bxc3 24. Rxd7+ Rxd7 25. Qxc3 Rd3 26. Qb4 1-0

[Event "C.to Provinciale IM-SV"]
[Site "Alassio ITA"]
[Date "2016.01.17"]
[Round "5"]
[White "Guido, Pierpaolo"]
[Black "Pedemonte, Claudio"]
[WhiteElo "1440"]
[BlackElo "1812"]
[Result "1/2-1/2"]
[PlyCount "51"]
[EventDate "2016.01.15"]

1. d4 d6 2. e3 Nf6 3. Bd3 c5 4. c3 Nc6 5. f4 e5 6. Bb5 exd4 7. exd4 a6 8. Bxc6+
bxc6 9. dxc5 d5 10. b4 Be7 11. Be3 Ng4 12. Bd4 O-O 13. Nf3 Bh4+ 14. g3 Re8+ 15.
Kd2 Bf6 16. Re1 Bf5 17. h3 Rxe1 18. Qxe1 Be4 19. hxg4 Bxf3 20. g5 Bxd4 21. cxd4
a5 22. Qe3 Bg4 23. bxa5 Rxa5 24. Nc3 Ra3 25. Re1 Kf8 26. Qe5 1/2-1/2

[Event "C.to Provinciale IM-SV"]
[Site "Alassio ITA"]
[Date "2016.01.17"]
[Round "5"]
[White "Ivaldo, Fabrizio"]
[Black "Sotgia, Cosimo"]
[WhiteElo "1869"]
[BlackElo "1878"]
[Result "1/2-1/2"]
[PlyCount "66"]
[EventDate "2016.01.15"]

1. e4 d5 2. exd5 Qxd5 3. Nc3 Qd6 4. d4 Nf6 5. Nf3 c6 6. g3 Bg4 7. Bg2 e6 8. O-O
Be7 9. Re1 O-O 10. Qd3 Bf5 11. Qe2 h6 12. Bf4 Qd8 13. a3 Nbd7 14. Rad1 Nb6 15.
Ne5 Nbd5 16. Nxd5 Nxd5 17. Bc1 Bg5 18. c4 Nb6 19. f4 Bf6 20. b3 Qc7 21. g4 Bh7
22. Nf3 Rad8 23. g5 hxg5 24. fxg5 Be7 25. Ne5 Nd7 26. g6 fxg6 27. Nxg6 Bxg6 28.
Qxe6+ Bf7 29. Qxe7 Rfe8 30. Qh4 Nf6 31. Bf4 Qa5 32. Be5 Nd7 33. b4 Qa4 1/2-1/2

[Event "C.to Provinciale IM-SV"]
[Site "Alassio ITA"]
[Date "2016.01.17"]
[Round "5"]
[White "Massimillo, Angelo"]
[Black "Badano, Fabio"]
[WhiteElo "1367"]
[BlackElo "1760"]
[Result "0-1"]
[PlyCount "58"]
[EventDate "2016.01.15"]

1. c4 Nf6 2. g3 e6 3. Bg2 c6 4. Nf3 d5 5. d4 Nbd7 6. O-O Be7 7. Nc3 b6 8. Bg5
h6 9. Bf4 O-O 10. Ne5 Nxe5 11. Bxe5 Bd6 12. Bxd6 Qxd6 13. e4 dxe4 14. Nxe4 Nxe4
15. Bxe4 Bb7 16. d5 cxd5 17. cxd5 Bxd5 18. Bg2 Rfd8 19. Rc1 Bxg2 20. Qxd6 Rxd6
21. Kxg2 Rd2 22. Rfd1 Rad8 23. Rxd2 Rxd2 24. b4 Rxa2 25. Rc8+ Kh7 26. Rc7 Kg6
27. h3 Rb2 28. b5 Rxb5 29. Rxa7 Rb3 0-1

[Event "C.to Provinciale IM-SV"]
[Site "Alassio ITA"]
[Date "2016.01.17"]
[Round "5"]
[White "Mercandelli, Claudio"]
[Black "Cirabisi, Federico"]
[WhiteElo "1900"]
[BlackElo "1986"]
[Result "0-1"]
[PlyCount "54"]
[EventDate "2016.01.15"]

1. Nf3 f5 2. c4 Nf6 3. Nc3 e6 4. g3 d5 5. Bg2 d4 6. Nb1 Nc6 7. O-O e5 8. d3 Be7
9. e3 dxe3 10. Bxe3 Ng4 11. Nc3 O-O 12. Nd5 Be6 13. Nxe7+ Qxe7 14. Qe2 h6 15.
Bd2 Bf7 16. Bc3 Rae8 17. b3 Bh5 18. Qb2 e4 19. dxe4 fxe4 20. Nd2 Rxf2 21. Bxe4
Rxd2 22. Bd5+ Rxd5 23. cxd5 Qc5+ 24. Kh1 Qxd5+ 25. Kg1 Nge5 26. Rae1 Nf3+ 27.
Rxf3 Rxe1+ 0-1

[Event "C.to Provinciale IM-SV"]
[Site "Alassio ITA"]
[Date "2016.01.17"]
[Round "5"]
[White "Morselli, Stefano"]
[Black "Delucis, Gabriele"]
[WhiteElo "1814"]
[BlackElo "1384"]
[Result "1-0"]
[PlyCount "39"]
[EventDate "2016.01.15"]

1. e4 e6 2. d3 d5 3. Nd2 Nf6 4. e5 Nfd7 5. d4 Nc6 6. c3 Be7 7. Bd3 O-O 8. Ngf3
b6 9. h4 Bb7 10. Ng5 h6 11. Ndf3 Re8 12. Nxe6 fxe6 13. Ng5 Nf8 14. Qh5 Qd7 15.
Rh3 Rec8 16. Rf3 Qe8 17. Nf7 Nd8 18. Nxh6+ gxh6 19. Rg3+ Kh8 20. Qxh6+ 1-0

[Event "C.to Provinciale IM-SV"]
[Site "Alassio ITA"]
[Date "2016.01.17"]
[Round "5"]
[White "Pesce, Leandro"]
[Black "Cardino, Guido"]
[WhiteElo "1692"]
[BlackElo "1609"]
[Result "1/2-1/2"]
[PlyCount "60"]
[EventDate "2016.01.15"]

1. e4 c6 2. d4 d5 3. exd5 cxd5 4. Bd3 Nc6 5. Nf3 Bg4 6. c3 Qc7 7. Bg5 e5 8.
dxe5 Nxe5 9. Bb5+ Nc6 10. Qxd5 Be6 11. Qe4 h6 12. Bf4 Qb6 13. Bxc6+ bxc6 14. b3
Nf6 15. Qe2 Be7 16. O-O O-O 17. h3 Nd5 18. Bd2 Bf6 19. Qe1 Rfe8 20. Qc1 Rac8
21. Na3 Ne7 22. Be3 Qc7 23. Bd4 Bxd4 24. Nxd4 Nf5 25. Nxe6 Rxe6 26. Qc2 Nh4 27.
Qd3 Qe7 28. Nc4 Rd8 29. Qc2 Rg6 30. g3 Qe6 1/2-1/2

[Event "C.to Provinciale IM-SV"]
[Site "Alassio ITA"]
[Date "2016.01.17"]
[Round "5"]
[White "Picasso, Filippo"]
[Black "Bottini, Claudio"]
[WhiteElo "1474"]
[BlackElo "1544"]
[Result "0-1"]
[PlyCount "68"]
[EventDate "2016.01.15"]

1. d4 d5 2. Nf3 Nf6 3. Bf4 c5 4. dxc5 e6 5. e3 Nc6 6. Bd3 Bxc5 7. c3 O-O 8. Qc2
h6 9. Nbd2 a6 10. Nb3 Bb6 11. O-O-O Qe7 12. Rdg1 e5 13. Bxe5 Nxe5 14. Nbd4
Nxd3+ 15. Qxd3 Ne4 16. Rf1 Bd7 17. Qc2 Rac8 18. Kb1 Bxd4 19. Nxd4 Rc7 20. f3
Nc5 21. g4 Rfc8 22. Nf5 Bxf5 23. gxf5 Qxe3 24. Rhg1 Qd3 25. f6 Qxc2+ 26. Kxc2
g6 27. h4 Nd7 28. h5 Kh7 29. hxg6+ fxg6 30. Rg2 Nxf6 31. Rfg1 Rg7 32. f4 Re8
33. Kd3 Nh5 34. Rg4 Re4 0-1

[Event "C.to Provinciale IM-SV"]
[Site "Alassio ITA"]
[Date "2016.01.17"]
[Round "5"]
[White "Rossi, Cassani Gianni"]
[Black "Camerino, Simone"]
[WhiteElo "1811"]
[BlackElo "1580"]
[Result "1-0"]
[PlyCount "55"]
[EventDate "2016.01.15"]

1. e4 e5 2. Nf3 Nf6 3. Nc3 d6 4. h3 Be7 5. d4 exd4 6. Qxd4 Nc6 7. Bb5 Bd7 8.
Qd1 a6 9. Bd3 Nb4 10. Bc4 O-O 11. O-O Qc8 12. Bg5 Re8 13. e5 dxe5 14. Nxe5 Be6
15. Qe2 h6 16. Bf4 Rd8 17. Ng6 Bf8 18. Bxe6 fxe6 19. Ne4 Nbd5 20. Nxf6+ Nxf6
21. Rfe1 Kf7 22. Ne5+ Ke7 23. Rad1 Nd5 24. Qh5 Re8 25. Qf7+ Kd8 26. c4 c6 27.
cxd5 cxd5 28. Rc1 1-0

[Event "C.to Provinciale IM-SV"]
[Site "Alassio ITA"]
[Date "2016.01.17"]
[Round "5"]
[White "Scarrone, Eugenio"]
[Black "Delucis, Mauro"]
[WhiteElo "1421"]
[BlackElo "1370"]
[Result "1/2-1/2"]
[PlyCount "142"]
[EventDate "2016.01.15"]

1. e4 c6 2. d4 d5 3. exd5 cxd5 4. c4 Nf6 5. Nc3 Bf5 6. Bg5 Nbd7 7. cxd5 Qa5 8.
Bd2 Nxd5 9. Qb3 Nxc3 10. Bxc3 Qc7 11. Bc4 e6 12. Nf3 Be7 13. Bb4 Bc2 14. Qc3
Bxb4 15. Qxb4 O-O-O 16. O-O h6 17. Rfc1 Qb6 18. Bb5 Qc7 19. a4 Kb8 20. Qd2 Rc8
21. Bxd7 Rcd8 22. Ne5 Rxd7 23. Nxd7+ Qxd7 24. Rxc2 Rd8 25. Rc4 e5 26. Rac1 exd4
27. Qf4+ Ka8 28. Qc7 a6 29. Qxd7 Rxd7 30. Rc7 Rd6 31. Kf1 d3 32. Ke1 d2+ 33.
Kd1 dxc1=Q+ 34. Kxc1 Rf6 35. f3 Rf4 36. a5 g5 37. Rc8+ Ka7 38. Rh8 Rh4 39. h3
h5 40. Rh7 f6 41. Kd2 Rb4 42. Kc3 Rh4 43. Rh6 f5 44. Rg6 g4 45. hxg4 hxg4 46.
Rg5 gxf3 47. gxf3 Rf4 48. Rg3 b6 49. Rg7+ Kb8 50. axb6 Rxf3+ 51. Kc4 Rf1 52.
Kd5 Rb1 53. Kc6 Rc1+ 54. Kd6 Rb1 55. Kc6 Rc1+ 56. Kd5 Rb1 57. Rg2 f4 58. Ke4
Kb7 59. Kxf4 Kxb6 60. Ke3 Kb5 61. Kd3 Kb4 62. Kc2 Ra1 63. Rg8 a5 64. Rb8+ Kc4
65. b3+ Kc5 66. Kb2 Rh1 67. Rb7 Rh2+ 68. Ka3 Rh1 69. Rf7 Rh3 70. Rf5+ Kb6 71.
Rf1 Kb5 1/2-1/2